000 00632nam a2200229Ia 4500
005 20241129115832.0
008 241129s9999||||xx |||||||||||||| ||und||
020 _a9781071817834
037 _aTB
040 _aSDCL
_beng
_cSDCL
041 _aeng
_2eng
084 _aB28:f, R3
_qSDCL
100 _aAdams Kathrynn A.; McGuire Eva K.
_9728344
245 0 _aResearch methods statistics ,and applications
250 _a3rd
260 _aNew Delhi
_bSage
_c2023
300 _axxvii,667p.
365 _aUSD
_b100
650 _aBusiness Economics and Finance
942 _cTB
_hB28:f, R3
999 _c1232222
_d1232222